FIFA World Cup 2026 - South Korea Squad - Statistics

General Stats
  • This quiz has been taken 5 times
  • The average score is 17 of 27
Answer Stats
Team # Position Club/Country Player % Correct
South Korea 26 AM Ulsan HD FC Dong-gyeong Lee
100%
South Korea 3 CB Gangwon FC Gi-hyuk Lee
100%
South Korea 2 CB FC Midtjylland Han-beom Lee
100%
South Korea 10 AM 1.FSV Mainz 05 Jae-sung Lee
100%
South Korea 24 CM Jeonbuk Hyundai Motors Jin-gyu Kim
100%
South Korea 18 AM Paris Saint-Germain Kang-in Lee
100%
South Korea 4 CB Bayern Munich Min-jae Kim
100%
South Korea 15 RB Daejeon Hana Citizen Moon-hwan Kim
100%
South Korea 1 GK FC Tokyo Seung-gyu Kim
100%
South Korea 5 CB Kashima Antlers Tae-hyeon Kim
100%
South Korea 13 LB Austria Vienna Tae-seok Lee
100%
South Korea 11 ST Wolverhampton Wanderers Hee-chan Hwang
80%
South Korea 7 LW Los Angeles FC Heung-min Son
80%
South Korea 6 DM Feyenoord Rotterdam In-beom Hwang
80%
South Korea 9 ST FC Midtjylland Gue-sung Cho
40%
South Korea 16 DM Zhejiang FC Jin-seob Park
40%
South Korea Manager South Korea Myung-bo Hong
40%
South Korea 14 CB Jeonbuk Hyundai Motors Wi-je Cho
40%
South Korea 12 GK Jeonbuk Hyundai Motors Bum-keun Song
20%
South Korea 19 ST Besiktas JK Hyeon-gyu Oh
20%
South Korea 21 GK Ulsan HD FC Hyeon-woo Jo
20%
South Korea 20 RW Celtic FC Hyun-jun Yang
20%
South Korea 23 CM Borussia Mönchengladbach Jens Castrop
20%
South Korea 17 AM Stoke City Jun-ho Bae
20%
South Korea 8 CM Birmingham City Seung-ho Paik
20%
South Korea 22 RB Red Star Belgrade Young-woo Seol
20%
South Korea 25 LW Swansea City Ji-sung Eom
0%
No matching quizzes found
Score Distribution
Percent of People with Each Score
Percentile by Number Answered
Your Score History
You have not taken this quiz